The plant community : Herbert C. Hanson [and] Ethan D. Churchill

Bibliographic Details
Main Author: HANSON (Herbert Christian)] 1891-
Other Authors: Churchill
Format: Book
Published: New York : Reinhold Pub. , [1961]
Series:Reinhold books in the biological sciences
Subjects:

MARC

LEADER 00000cam a2200000 7i4500
001 0000001381
005 20010612.0
090 0 0 |a 581   |b HAN 1961 
100 1 0 |a HANSON   |h Herbert C. [  |q (Herbert Christian)]   |c 1891- 
245 1 4 |a The plant community :   |b Herbert C. Hanson [and] Ethan D. Churchill 
260 0 0 |a New York :   |b Reinhold Pub. ,   |c [1961] 
300 |a 218 p. :   |b illc24 cm. 
440 0 0 |a Reinhold books in the biological sciences 
500 0 0 |a Bibliography : [p. 191-202] and index 
650 0 0 |a Plant communities 
700 0 1 |a Churchill   |h Ethan D. 
998 |a JPSM 
999 |a 0000002521   |b Monograph   |c Open Shelf   |e Default branch